Revitalizácia parkov ako základne voľnočasových aktivít: Prípadová štúdia poľského mesta Radom

Kvalitatívne zhodnotenie rozvoja a estetických hodnôt mestských parkov v meste Radom pred a po ich revitalizácii. Stručná história mestských parkov. Spôsob financovania mestských parkov ako základný problém.

Gespeichert in:
Bibliographische Detailangaben
1. Verfasser: Sońta, Wojciech
Format: Buchkapitel
Sprache:Slowakisch
Schlagworte:
Tags: Tag hinzufügen
Keine Tags, Fügen Sie das erste Tag hinzu!

MARC

LEADER 00000naa a2200000 4500
001 0262246
005 20221104111225.1
041 0 |a slo 
044 |a SK 
245 1 0 |a Revitalizácia parkov ako základne voľnočasových aktivít: Prípadová štúdia poľského mesta Radom  |c Wojciech Sońta 
520 |a Kvalitatívne zhodnotenie rozvoja a estetických hodnôt mestských parkov v meste Radom pred a po ich revitalizácii. Stručná história mestských parkov. Spôsob financovania mestských parkov ako základný problém. 
610 2 0 |a revitalizácia 
610 2 0 |a estetika 
610 2 0 |a čas voľný 
610 2 0 |a štúdie prípadové 
610 2 0 |a Poľsko 
610 2 0 |a financovanie 
610 2 0 |a mestá 
100 1 |a Sońta, Wojciech